000 00585cam a2200241 4500
001 B218
008 090401t1986 xxu||||| |||| 00| 0 eng d
035 _a(Sirsi) u34375
041 _aeng
050 _a693.54
100 _aMajumdar, A.J.
245 _aProperties of grc containing pfa
260 _aGarston,Watford
_bBRE
_c1986
300 _a(4)p. ; 30cm.
350 _a0
490 _aBRE Information Paper
_v11/86
650 _aCEMENT
650 _aGLASS REINFORCED CEMENT
650 _aPULVERISED FUEL ASH
700 _aSingh, B.
942 _n0
948 _c04/03/1997
999 _c89932
_d89932